000 00370nam a2200157Ia 4500
008 230917s9999||||xx |||||||||||||| ||und||
020 _cPOU8.95
040 _e17375
_aMAIN
041 _aEnglish
082 _a333.335 K586L
100 _aKing, Russell
245 0 _aLand reform: A word survey
260 _aLondon
_bG Bell
_c1977
300 _axvi,446 p.
942 _cBK
999 _c43779
_d43779